[Event "Candidates final"]
[Site "Kuala Lumpur"]
[Date "1990.03.11"]
[Round "3"]
[White "Timman, Jan H"]
[Black "Karpov, Anatoly"]
[Result "1/2-1/2"]
[WhiteElo "2680"]
[BlackElo "2730"]
[Annotator "Tischbierek,Raj"]
[PlyCount "122"]
[EventDate "1990.03.??"]
[EventType "match"]
[EventRounds "12"]
[EventCountry "MAS"]
[SourceTitle "Candidates"]
[Source "ChessBase"]
[SourceDate "1999.07.01"]
[SourceVersion "2"]
[SourceVersionDate "1999.07.01"]
[SourceQuality "1"]

1. d4 {Ftacnik,Lubomir Anand,Viswanathan Van der Wiel} Nf6 2. c4 e6 3. Nc3 Bb4 4. f3 { e4 } d5 (4... c5) 5. a3 Bxc3+ (5... Be7 6. e4 dxc4 (6... dxe4 7. fxe4 e5 8. d5 Bc5 $13) 7. Bxc4 c5 8. dxc5 Qxd1+ 9. Kxd1 Bxc5 {Kasparov-Ljubojevic/Linares/1990/}) 6. bxc3 c5 7. cxd5 Nxd5 (7... exd5 8. e3 $14 {van der Wiel}) 8. dxc5 {Keres   } Qa5 9. e4 Ne7 (9... Nxc3 $2 10. Qd2 Qxc5 { b2, g7: Ernst}) 10. Be3 O-O (10... Qxc3+ 11. Kf2 $146) 11. Qb3 Qc7 $5 {N  12... d7} (11... Na6 12. Rd1 $1 Nc6 (12... Nxc5 13. Qb4 $16) 13. Bb5 $14 {van der Wiel}) (11... e5 12. Bc4 Na6 13. Ne2 Nc6 14. Rb1 $5 Qc7 (14... Nxc5 15. Qb5) 15. Qa2 Na5 16. Bd5 Nxc5 17. O-O $16 {Malaniuk-Komarov/Warschau/1989/}) 12. Bb5 (12. Nh3 e5 13. Rb1 Na6 $1 14. Bxa6 bxa6 15. Nf2 Nc6 $1 16. O-O Na5 $44 {van der Wiel}) (12. Nh3) 12... Nec6 (12... Na6 $5 13. Bxa6 $1 bxa6 14. Ne2 e5 15. c4 Rb8 16. Qa2 Be6 17. O-O (17. Kf2 f5 $5) (17. Nc3 Qa5) 17... Nc6 18. Nc3 Nd4 19. Bxd4 exd4 20. Nd5 Qxc5 $10 {van der Wiel}) 13. Rd1 $6 (13. Ne2 {Van der Wiel} Na5 ({RR} 13... e5 14. O-O Be6 15. Qa4 a6 ({RR} 15... Na5 16. Nd4 exd4 17. cxd4 Bd7 18. d5 a6 19. Bxd7 Nxd7 20. Rac1 Rac8 21. Bd2 Nc4 22. Qxc4) 16. Bc4 Bxc4 17. Qxc4 Na5 18. Qa4 Nd7 19. Rfd1 Nxc5 20. Qb4 b6) 14. Qa2 e5 15. c4 Be6 16. Rc1 $13 a6 17. Ba4 Nxc4 $2 18. Rxc4 Bxc4 19. Qxc4 b5 20. Qd5 $18 {van der Wiel}) (13. Bxc6 $5 Nxc6 14. Ne2 e5 15. Kf2 Be6 16. Qb5 Na5 17. Rhd1 Nc4 $1 18. Nc1 $1 $13 {van der Wiel}) ({RR} 13. Ne2 Na5 14. Qb4 e5 15. O-O Be6 ({RR} 15... Na6 16. Bxa6 bxa6 17. Rfd1 Be6 18. c6 Nc4 19. Bc5 Rfc8 20. Qb7 g6) ({RR} 15... a6 16. Bd3 Nbc6 17. Qb6 Qxb6 18. cxb6 Be6) 16. Nd4 ({RR} 16. Rfd1 Bb3 17. Rd6 Nbc6 18. Bxc6 bxc6 19. c4 Rab8 20. Qc3 Nxc4 21. Rb1 Ba2 22. Rxb8 Rxb8 23. Nc1 Nxd6 24. cxd6 Qxd6 25. Nxa2 Qd1+ 26. Kf2 Qb3) 16... exd4 17. cxd4 Nbc6 ({RR} 17... a6 18. Be2 Re8 19. Qc3 ({RR} 19. Bf2 Nbc6 20. Qc3 Qf4 21. Rab1 Qf6) 19... Nd7 ({RR} 19... Nbc6 20. d5 Bxd5 21. exd5 Qe5 ({RR} 21... Qe7 22. Bd2 Qxe2 23. dxc6 Nxc6 24. Rfe1 Qb5 25. Rxe8+ Rxe8 26. a4) 22. Qxe5 Rxe5 23. dxc6 Nxc6 24. Kf2 Rae8 25. Bxa6 bxa6 26. Rfe1) 20. Rab1 b5 ({RR} 20... Nf6 21. Rb6 Nc6 22. Rfb1 Nd8 23. Bg5) 21. d5 Bxd5 22. exd5 Qe5 23. Qxe5 Rxe5 24. Bd2 Rxe2 25. Bxa5 Nxc5 26. Rfc1 Nb7 27. Bb4 a5 28. Be1 Nd6 29. Bg3 Nf5 30. Bf4 Nh4 ({RR} 30... Ree8 31. Bc7) 31. Kf1) 18. Qc3 Ne7 19. Rfd1 Rad8 ({RR} 19... Rfd8 20. Bf2 Nac6 21. Rab1 ({RR} 21. d5 Nxd5 22. exd5 Rxd5 23. Rxd5 Bxd5 24. Rd1) ({RR} 21. Bg3 Qa5 22. Qxa5 Nxa5 23. Rab1 Ba2) 21... Qf4 ({RR} 21... Rd7 22. Bh4) 22. d5 ({RR} 22. Bg3 Qf6 23. Bd6 Nc8)) 20. Bf2 a6 ({RR} 20... Nac6 21. Bg3 Qa5 22. Qxa5 Nxa5 23. Bd6) ({RR} 20... f5 21. d5) ({RR} 20... b6 21. c6 a6 22. Bxa6 Naxc6 23. d5 Bxd5 24. exd5 Rxd5 25. Rac1) 21. Bg3 Qc8 22. Bf1 b6 ({RR} 22... Nac6 23. Bd6) 23. Rab1 Nb3 24. Rxb3 Bxb3 25. Qxb3 bxc5 26. d5 Ng6 27. Qb6 f5 {Anand,V (2810)-Wang,H (2731) Wijk aan Zee 2011 CBM 141 [Anand,Viswanathan] 1-0 (33)}) ({RR} 13. Bxc6 Qxc6 14. Rb1 Nd7 15. Qb5 Qxb5 16. Rxb5 b6 {½-½ (16) Xu,Z (2502)-Bryakin,M (2426) Pozarevac SRB 2025}) 13... Na5 ({RR} 13... e5 14. Qa2 Na5 ({RR} 14... Be6 15. Bc4) 15. Qd5 Bd7 16. Bxd7 Rd8 17. Qd6 Qxd6 ({RR} 17... Qxd7) 18. Rxd6 Nxd7 19. Kf2 Nc4 20. Rd5 Nf6 21. Rxd8+ Rxd8 22. Ne2 Rc8 ({RR} 22... Rd3 23. Rb1 Nxe3 24. c6) ({RR} 22... Rd7) 23. Rb1 Rc7 ({RR} 23... Nxe3 24. Kxe3 Rc7 25. c6 b6 26. Rb5) 24. Bg5 Kf8 ({RR} 24... Nd7 25. Bd8 Rc8 26. Be7 Rc7 27. Bd6) 25. Rb4 Na5 26. Rb5 Nc4 27. Rb4 Na5 28. Be3 {Timman,J (2630)-Karpov,A (2725) Linares 1991 CBM 022 [Ftacnik,Lubomir] ½-½ (59)}) 14. Qb4 $6 (14. Qa4 e5 15. Ne2 Be6 16. Rd6 a6 17. Bd3 b5 $1 $17 {van der Wiel}) 14... e5 $146 ({RR} 14... Nbc6 15. Qa4 e5 16. Rd6 Be6 17. Rxe6 fxe6 18. Nh3 h6 19. O-O Rad8 20. Nf2 Ne7 21. Be2 Ng6 22. g3 Rf7 23. Kg2 Kh8 24. Rb1 Nc6 25. Nd3 Nf8 26. Nf2 Rfd7 27. Bc4 Na5 28. Be2 Rd2 29. Bxd2 {Hughes,T (2267)-Panchanathan,M (2546) Richardson 2010 ½-½ (38)}) ({RR} 14... Nbc6 15. Qa4 e5 16. Ne2 Be6 17. Nc1 Rfd8 18. O-O Rxd1 19. Rxd1 Rd8 20. Rxd8+ Qxd8 21. Be2 f6 22. Kf2 g5 23. Qb5 Qd7 24. Nd3 Nc4 25. Nb4 Nxa3 26. Qa4 Nxb4 27. Qxd7 Bxd7 28. cxb4 Nb5 29. c6 {De Jong,J (2409)-Del Rio de Angelis,S (2514) Badalona 2006 ½-½ (32)}) 15. Ne2 Be6 ({RR} 15... Na6 16. Qa4 Be6 17. Bxa6 bxa6 18. Rd5 Rab8 19. O-O Bxd5 20. exd5 Rb5 21. d6 Qc6 22. c4 Rxc5 23. Qb4 Rxc4 24. Qxa5 Qxd6) 16. c4 (16. Rd5 $8 Na6 17. Bxa6 bxa6 18. O-O $13 {van der Wiel}) (16. O-O $2 Bb3 17. Rb1 Nbc6 18. Bxc6 bxc6 { ab8-+}) 16... a6 (16... Na6 $5 17. Bxa6 (17. Qa4 Nxc5 18. Bxc5 Qxc5 19. Qxa5 Bxc4 20. a4 a6 $19) 17... bxa6 $17 { ab8 × }) 17. Ba4 Nxc4 18. Bf2 Nc6 19. Qc3 Qa5 {! Ernst, van der Wiel  × a3} 20. Bxc6 (20. Qxa5 N6xa5 21. Ra1 {? van der Wiel} (21. Nc3 $1 Nxa3 22. Nd5 $17 {van der Wiel}) 21... Rfd8 {/-+} (21... Nb2 $17)) 20... bxc6 21. Qxa5 Nxa5 22. O-O Rab8 {-+ bei excellenter Technik} 23. Nc3 Rb3 24. Na4 Rxa3 25. Nb6 Nc4 26. h3 (26. Nxc4 Bxc4 {× f2}) 26... h5 27. Rc1 {?! van der Wiel} (27. Ra1 Rd8 (27... Rc3 28. Rfc1 $1 {van der Wiel}) 28. Rxa3 (28. Nxc4 $1 Rxa1 29. Rxa1 Bxc4 { b5, f6, f7-e6, d4, g6, f5} 30. Be1 {van der Wiel}) 28... Nxa3 29. Ra1 Rd3 $17) 27... Nb2 {! Ernst, van der Wiel} 28. Rb1 (28. Ra1 {} Rb3 (28... Rxa1 29. Rxa1 Rd8 30. Rxa6 Rd1+ 31. Kh2 Nd3 (31... Rd2 $2 32. Bg1 Nd3 33. Ra8+ Kh7 34. Rd8 Bxh3 35. Rxd3) 32. Bg1 (32. Bg3 {} h4 $5 33. Bxh4 Nxc5 $17) 32... Rc1 $1 { c2, f4-+}) (28... Rc3 $1 29. Rxa6 Nd3 30. Ra5 Rc2 31. Be3 Re2 $1 32. Bc1 Ne1 $19 {van der Wiel}) 29. Rxa6 Rd8 $17) 28... Nd3 29. Rfd1 f5 $1 30. exf5 {? van der Wiel} (30. Be3 $1 f4 $1 (30... fxe4 31. fxe4 Nf4 32. Bxf4 Rxf4 33. Rd6 {/}) 31. Bd2 $1 g5 32. Bb4 Nxb4 33. Rxb4 g4 34. hxg4 hxg4 35. Rd6 $1 $13 Ra1+ 36. Kf2 Ra2+ 37. Ke1 Rf6 38. Nd5 $1 cxd5 39. exd5 Rh6 40. Rb8+ { 41.b7= van der Wiel}) 30... Rxf5 31. Rd2 (31. Be3 e4 $1 (31... Nf4 $1 { e3, g5 Ernst}) 32. fxe4 Re5) 31... Nxf2 $138 32. Kxf2 e4 33. Re1 { van der Wiel} e3+ 34. Rxe3 Rxe3 35. Kxe3 Rxc5 $19 36. Nd7 Rb5 {? Ernst} (36... Rd5 {! Ernst} 37. Nb8 $1 {van der Wiel} (37. Rxd5 Bxd5 {Ernst})) 37. f4 a5 38. Ne5 Bd5 39. Rc2 Rb6 (39... a4 $6 40. Nxc6 Bxc6 41. Rxc6 Ra5 42. Rc2 a3 43. Ra2 Kf7 44. g4 h4 $1 45. Kf3 Kf6 $19 46. Ke4 Ra4+ 47. Kf3 (47. Kd3 Rxf4) 47... Ke6 48. Ke3 Kd5 {van der Wiel}) 40. g4 a4 {! van der Wiel} (40... hxg4 $2 {van der Wiel}) 41. Rc3 h4 {?! van der Wiel} (41... Rb3 42. Kd4 a3 43. Rxb3 Bxb3 44. Kc3 a2 45. Kb2 c5 $19 {× } (45... c5 46. Nf3 c4 47. Nd4 c3+ 48. Ka1 Bc4 49. gxh5 Kh7 50. Nc2 Kh6 51. Nb4 Kxh5 52. Nxa2 Bxa2 53. Kxa2 Kh4 54. Kb3 Kxh3 55. Kxc3 Kg4 $19 {van der Wiel})) 42. Ng6 Rb3 (42... Bb3 43. Ne7+ Kf8 44. Nxc6 a3 45. Nd4 a2 46. Rxb3 $1 a1=Q 47. Rxb6 {van der Wiel}) 43. Kd2 Rb2+ $2 (43... a3 44. Rxb3 (44. Ne7+ Kf7 45. Nxd5 a2 46. Rc1 Rb1 $19) 44... Bxb3 45. Kc3 a2 46. Kb2 c5 {-+ vgl, Anmerkung im 41. Zug.} (46... c5 $19 {Thomas Ernst} 47. Nxh4 c4 48. Nf3 c3+ 49. Ka1 c2 $19 {Ernst}) (46... c5 $1 $10 {van der Wiel} 47. Ka1 $3 c4 (47... Kf7 48. Nxh4 Ke6 (48... c4 49. Nf3 c3 50. Nd4 Bc4 51. Nc2 $10) 49. Nf3 (49. Nf5 Kd5 $1 50. Nxg7 c4 $17) 49... Kd5 50. Nd2 c4 51. f5 Kd4 (51... Ke5 $5 52. h4 $1 $10) 52. g5 Ke5 (52... Kd3 53. f6) (52... Ba4 53. f6 gxf6 54. gxf6 Be8 55. Nxc4 $5 $10) 53. f6 gxf6 54. gxf6 Kxf6 55. Nxc4 $1 $10) 48. Ne7+ $1 Kf7 49. Nd5 $10 Ke6 (49... Bd1 50. Ne3 (50. Nc3)) 50. Nc3 g6 $1 51. Nxa2 (51. Kb2 Kd6 52. Ka1 Kc5 $1) 51... Bxa2 (51... Kd5 52. Nc3+ Kd4 53. Kb2 $16) 52. Kxa2 Kd5 53. Kb2 Ke4 54. f5 gxf5 55. g5 $1 Ke5 (55... Kd3 56. g6 Kd2 57. g7 c3+ 58. Kb3 c2 59. g8=Q c1=Q 60. Qg5+ $10) (55... f4 56. g6 f3 57. g7 f2 58. g8=Q f1=Q 59. Qe6+ $15) 56. Kc3 Ke6 57. Kxc4 Kf7 58. Kd5 Kg6 59. Kd4 $1 Kxg5 60. Ke5 Kg6 61. Kd4 $1 Kf6 62. Kd5 f4 63. Ke4 Kg5 64. Kd3 $1 Kf5 65. Kd4 $10 {van der Wiel})) 44. Kd3 Kf7 (44... Bb3 {! -+ van der Wiel} 45. Rxc6 (45. Ne7+ Kf8 46. Nxc6 a3 47. Nd4 a2 48. Rxb3 $19 {van der Wiel}) 45... a3 46. f5 { 47.c8+ f7 49.f8#} (46. Rc7 a2 47. f5 Kh7 $1 $19) 46... Kf7 (46... Kh7 47. Nf8+) 47. g5 Ke8 (47... a2 $1 48. Ra6 (48. Rc8 Bc2+ 49. Kc3 Rb8 50. Rxb8 (50. Rc7+ Ke8 51. Re7+ Kd8 52. Ra7 Bxf5 $19) 50... a1=Q+ 51. Kxc2 Qa4+ $19) 48... Ke8 { b2-b1 -+ van der Wiel}) 48. f6 a2 49. Ne5 { 50.c8#} Kd8 50. f7 Bxf7 (50... Rf2 51. Ra6) 51. Nxf7+ Ke7 52. Rc7+ Kf8 53. Ra7 a1=Q 54. Rxa1 Kxf7 55. Ra4 Rb3+ 56. Ke4 Rxh3 57. Kf4 $10) 45. Ne5+ Ke8 (45... Ke6 $6 46. Nxc6 a3 47. Nd4+) (45... Kf6 $6 46. Nxc6 a3 47. g5+) 46. f5 (46. Nxc6 a3) 46... Bg2 (46... Bb3 47. Rxc6 a3 48. Rc8+ $1 Ke7 49. Ra8 a2 50. Nc6+ $1 Kd6 51. Nb4 $10 {van der Wiel}) 47. Kd4 Rb5 $2 { 48...d5 -+} (47... Rb3 $10 48. Rc4 $8 a3 49. Ra4 Bxh3 50. Ra8+ Ke7 51. Ra7+ $10 {van der Wiel}) (47... Rb3 $19) 48. Ng6 (48. Nxc6 $2 a3 $1 $19 {van der Wiel}) 48... Rb4+ 49. Ke5 Rb3 50. Rc2 Bxh3 51. Rxc6 Bg2 (51... Bxg4 52. Ke6 (52. Nxh4 $10) 52... Re3+ 53. Ne5 Rxe5+ 54. Kxe5 h3 55. Rc2 $1 $10 {van der Wiel}) 52. Re6+ Kd7 53. Nxh4 Bc6 54. Rg6 Re3+ 55. Kd4 Re7 56. Kc5 Re5+ 57. Kb4 Re4+ 58. Kc5 Re5+ 59. Kb4 Re7 60. Kc5 Bb7 61. Kb4 Bc6 1/2-1/2

[Event "Linares 09th"]
[Site "Linares"]
[Date "1991.??.??"]
[Round "7"]
[White "Timman, Jan H"]
[Black "Karpov, Anatoly"]
[Result "1/2-1/2"]
[WhiteElo "2630"]
[BlackElo "2725"]
[Annotator "Ftacnik,Lubomir"]
[PlyCount "117"]
[EventDate "1991.02.??"]
[EventType "tourn"]
[EventRounds "13"]
[EventCountry "ESP"]
[EventCategory "17"]
[SourceTitle "CBM 022"]
[Source "ChessBase"]
[SourceDate "1991.06.01"]
[SourceVersion "1"]
[SourceVersionDate "1991.06.01"]
[SourceQuality "1"]

1. d4 {Tischbierek,Raj Anand,Viswanathan} Nf6 2. c4 e6 3. Nc3 Bb4 4. f3 d5 ({RR} 4... c5) 5. a3 Bxc3+ ({RR} 5... Be7 6. e4 dxc4 ({RR} 6... dxe4 7. fxe4 e5 8. d5 Bc5) 7. Bxc4 c5 8. dxc5 Qxd1+ 9. Kxd1 Bxc5) 6. bxc3 c5 7. cxd5 Nxd5 ({RR} 7... exd5 8. e3) 8. dxc5 Qa5 9. e4 Ne7 ({RR} 9... Nxc3 10. Qd2 Qxc5) 10. Be3 O-O ({RR} 10... Qxc3+ 11. Kf2) 11. Qb3 Qc7 ({RR} 11... Na6 12. Rd1 Nc6 ({RR} 12... Nxc5 13. Qb4) 13. Bb5) ({RR} 11... e5 12. Bc4 Na6 13. Ne2 Nc6 14. Rb1 Qc7 ({RR} 14... Nxc5 15. Qb5) 15. Qa2 Na5 16. Bd5 Nxc5 17. O-O) 12. Bb5 ({RR} 12. Nh3 e5 13. Rb1 Na6 14. Bxa6 bxa6 15. Nf2 Nc6 16. O-O Na5) 12... Nec6 ({RR} 12... Na6 13. Bxa6 bxa6 14. Ne2 e5 15. c4 Rb8 16. Qa2 Be6 17. O-O ({RR} 17. Kf2 f5) ({RR} 17. Nc3 Qa5) 17... Nc6 18. Nc3 Nd4 19. Bxd4 exd4 20. Nd5 Qxc5) 13. Rd1 ({RR} 13. Ne2 Na5 ({RR} 13... e5 14. O-O Be6 15. Qa4 a6 ({RR} 15... Na5 16. Nd4 exd4 17. cxd4 Bd7 18. d5 a6 19. Bxd7 Nxd7 20. Rac1 Rac8 21. Bd2 Nc4 22. Qxc4) 16. Bc4 Bxc4 17. Qxc4 Na5 18. Qa4 Nd7 19. Rfd1 Nxc5 20. Qb4 b6) 14. Qb4 e5 15. O-O ({RR} 15. Rd1 Na6 16. Qa4 Be6 17. Bxa6 bxa6 18. Rd5 Rab8 19. O-O Bxd5 20. exd5 Rb5 21. d6 Qc6 22. c4 Rxc5 23. Qb4 Rxc4 24. Qxa5 Qxd6) 15... Be6 ({RR} 15... Na6 16. Bxa6 bxa6 17. Rfd1 Be6 18. c6 Nc4 19. Bc5 Rfc8 20. Qb7 g6) ({RR} 15... a6 16. Bd3 Nbc6 17. Qb6 Qxb6 18. cxb6 Be6) 16. Nd4 ({RR} 16. Rfd1 Bb3 17. Rd6 Nbc6 18. Bxc6 bxc6 19. c4 Rab8 20. Qc3 Nxc4 21. Rb1 Ba2 22. Rxb8 Rxb8 23. Nc1 Nxd6 24. cxd6 Qxd6 25. Nxa2 Qd1+ 26. Kf2 Qb3) 16... exd4 17. cxd4 Nbc6 ({RR} 17... a6 18. Be2 Re8 19. Qc3 ({RR} 19. Bf2 Nbc6 20. Qc3 Qf4 21. Rab1 Qf6) 19... Nd7 ({RR} 19... Nbc6 20. d5 Bxd5 21. exd5 Qe5 ({RR} 21... Qe7 22. Bd2 Qxe2 23. dxc6 Nxc6 24. Rfe1 Qb5 25. Rxe8+ Rxe8 26. a4) 22. Qxe5 Rxe5 23. dxc6 Nxc6 24. Kf2 Rae8 25. Bxa6 bxa6 26. Rfe1) 20. Rab1 b5 ({RR} 20... Nf6 21. Rb6 Nc6 22. Rfb1 Nd8 23. Bg5) 21. d5 Bxd5 22. exd5 Qe5 23. Qxe5 Rxe5 24. Bd2 Rxe2 25. Bxa5 Nxc5 26. Rfc1 Nb7 27. Bb4 a5 28. Be1 Nd6 29. Bg3 Nf5 30. Bf4 Nh4 ({RR} 30... Ree8 31. Bc7) 31. Kf1) 18. Qc3 Ne7 19. Rfd1 Rad8 ({RR} 19... Rfd8 20. Bf2 Nac6 21. Rab1 ({RR} 21. d5 Nxd5 22. exd5 Rxd5 23. Rxd5 Bxd5 24. Rd1) ({RR} 21. Bg3 Qa5 22. Qxa5 Nxa5 23. Rab1 Ba2) 21... Qf4 ({RR} 21... Rd7 22. Bh4) 22. d5 ({RR} 22. Bg3 Qf6 23. Bd6 Nc8)) 20. Bf2 a6 ({RR} 20... Nac6 21. Bg3 Qa5 22. Qxa5 Nxa5 23. Bd6) ({RR} 20... f5 21. d5) ({RR} 20... b6 21. c6 a6 22. Bxa6 Naxc6 23. d5 Bxd5 24. exd5 Rxd5 25. Rac1) 21. Bg3 Qc8 22. Bf1 b6 ({RR} 22... Nac6 23. Bd6) 23. Rab1 Nb3 24. Rxb3 Bxb3 25. Qxb3 bxc5 26. d5 Ng6 27. Qb6 f5 {Anand,V (2810)-Wang,H (2731) Wijk aan Zee 2011 CBM 141 [Anand,Viswanathan] 1-0 (33)}) ({RR} 13. Bxc6 Qxc6 14. Rb1 Nd7 15. Qb5 Qxb5 16. Rxb5 b6 {½-½ (16) Xu,Z (2502)-Bryakin,M (2426) Pozarevac SRB 2025}) ({RR} 13. Ne2 Na5 14. Qa2 e5 15. c4 Be6 16. Rc1 a6 17. Ba4 Nxc4 18. Rxc4 Bxc4 19. Qxc4 b5 20. Qd5) ({RR} 13. Bxc6 Nxc6 14. Ne2 e5 15. Kf2 Be6 16. Qb5 Na5 17. Rhd1 Nc4 18. Nc1) 13... e5 ({RR} 13... Na5 14. Qb4 ({RR} 14. Qa4 e5 15. Ne2 Be6 16. Rd6 a6 17. Bd3 b5) 14... e5 15. Ne2 Be6 16. c4 ({RR} 16. Rd5 Na6 17. Bxa6 bxa6 18. O-O) ({RR} 16. O-O Bb3 17. Rb1 Nbc6 18. Bxc6 bxc6) 16... a6 ({RR} 16... Na6 17. Bxa6 ({RR} 17. Qa4 Nxc5 18. Bxc5 Qxc5 19. Qxa5 Bxc4 20. a4 a6) 17... bxa6) 17. Ba4 Nxc4 18. Bf2 Nc6 19. Qc3 Qa5 20. Bxc6 ({RR} 20. Qxa5 N6xa5 21. Ra1 ({RR} 21. Nc3 Nxa3 22. Nd5) 21... Rfd8 ({RR} 21... Nb2)) 20... bxc6 21. Qxa5 Nxa5 22. O-O Rab8 23. Nc3 Rb3 24. Na4 Rxa3 25. Nb6 Nc4 26. h3 ({RR} 26. Nxc4 Bxc4) 26... h5 27. Rc1 ({RR} 27. Ra1 Rd8 ({RR} 27... Rc3 28. Rfc1) 28. Rxa3 ({RR} 28. Nxc4 Rxa1 29. Rxa1 Bxc4 30. Be1) 28... Nxa3 29. Ra1 Rd3) 27... Nb2 28. Rb1 {Timman,J (2680)-Karpov,A (2730) Kuala Lumpur 1990 Candidates [Tischbierek,Raj] ½-½ (61)} ({RR} 28. Ra1 Rb3 ({RR} 28... Rxa1 29. Rxa1 Rd8 30. Rxa6 Rd1+ 31. Kh2 Nd3 ({RR} 31... Rd2 32. Bg1 Nd3 33. Ra8+ Kh7 34. Rd8 Bxh3 35. Rxd3) 32. Bg1 ({RR} 32. Bg3 h4 33. Bxh4 Nxc5) 32... Rc1) ({RR} 28... Rc3 29. Rxa6 Nd3 30. Ra5 Rc2 31. Be3 Re2 32. Bc1 Ne1) 29. Rxa6 Rd8)) 14. Qa2 $146 ({RR} 14. Ne2 Be6 15. Qa4 Na5 16. Nc1 a6 17. Be2 Nd7 18. Qb4 Rac8 19. Rd6 Nxc5 20. Rb6 Nc4 21. Bxc5 Qxc5 22. Qxc5 Rxc5 23. Rxb7 Nxa3 24. Bxa6 Rxc3 25. Ne2 Rc6 26. Ra7 Rd8 27. Kf2 h5 28. Bb7 Rc7 {Ragnarsson,J (2085)-Kjartansson,G (2307) Reykjavik 2008 ½-½ (62)}) ({RR} 14. Rd6 Be6 15. Rxe6 fxe6 16. Qxe6+ Kh8 17. Nh3 Nd7 18. Ng5 Nf6 19. O-O h6 20. Qh3 Qc8 21. Qh4 Nh7 22. Nh3 Qd8 23. Qg3 Qe7 24. f4 Nf6 25. Bd3 Rad8 26. Bc2 Nh5 27. Qg6 Qf7 28. Qxf7 Rxf7 {Stanciu,A (2297)-Bida,M (2024) Sarata Monteoru 2011 0-1 (57)}) 14... Na5 (14... Be6 15. Bc4) 15. Qd5 Bd7 $1 16. Bxd7 Rd8 17. Qd6 Qxd6 $5 (17... Qxd7 $1 $10) 18. Rxd6 Nxd7 19. Kf2 Nc4 20. Rd5 Nf6 21. Rxd8+ Rxd8 22. Ne2 Rc8 $2 (22... Rd3 23. Rb1 $1 Nxe3 24. c6 $1 $18) (22... Rd7 $5) 23. Rb1 Rc7 (23... Nxe3 24. Kxe3 Rc7 25. c6 $1 b6 26. Rb5 $16) 24. Bg5 Kf8 (24... Nd7 25. Bd8 Rc8 26. Be7 Rc7 $2 27. Bd6 $1) 25. Rb4 Na5 26. Rb5 Nc4 27. Rb4 Na5 28. Be3 Nd7 29. Nc1 b6 $2 (29... Nc6 30. Rb5 a6) 30. cxb6 axb6 31. Na2 $1 Nc4 32. Ra4 $1 Ke7 33. Ra8 h5 34. Bc1 b5 35. Nb4 Ncb6 36. Ra6 Rc8 37. Bd2 $5 (37. Be3 Na4 38. Nd5+ Kd8 39. Bd2 $16) 37... Ke8 38. Ke2 f6 39. Ra7 Ra8 $1 40. Rxa8+ Nxa8 41. Be3 Ndb6 42. Kd3 (42. Bxb6 Nxb6 43. Nd5 Nc4 44. Nc7+ Kd7 45. Nxb5 Kc6 46. a4 h4 $14) 42... Nc4 43. Bc1 (43. Nd5 Nxa3 44. Bc5 Nc4 45. Kc2 Na5 46. Kb2 Nc6 47. c4 bxc4 48. Kc3 $14) 43... Nab6 44. Nd5 Nxd5 45. exd5 Nb6 $1 46. c4 (46. Ke4 g6 47. Be3 Nc4 48. Bc5 Nd2+) 46... bxc4+ (46... Nxc4 $2 47. a4 $1 Nd6 48. a5 Kd7 49. Ba3 Nc4 50. Bb4 Kc7 51. a6 Kb6 52. d6 $1 $18) 47. Kc3 Kd7 48. Kb4 Kd6 49. Kb5 Nxd5 50. Kxc4 Kc6 51. a4 Nb6+ 52. Kb4 Nd5+ 53. Kc4 Nb6+ 54. Kb3 Nd5 55. Bd2 Ne7 56. Be3 Nd5 57. Bd2 Ne7 58. Be3 Nd5 59. Bd2 {Ftacnik,L} 1/2-1/2

[Event "Tilburg"]
[Site "Tilburg"]
[Date "1991.??.??"]
[Round "3"]
[White "Timman, Jan H"]
[Black "Karpov, Anatoly"]
[Result "1/2-1/2"]
[WhiteElo "2630"]
[BlackElo "2730"]
[PlyCount "34"]
[EventDate "1991.10.??"]
[EventType "tourn"]
[EventRounds "14"]
[EventCountry "NED"]
[EventCategory "17"]
[SourceTitle "CBM 026"]
[Source "ChessBase"]
[SourceDate "1992.02.01"]
[SourceVersion "1"]
[SourceVersionDate "1992.02.01"]
[SourceQuality "1"]

1. d4 Nf6 2. c4 e6 3. Nc3 Bb4 4. f3 d5 5. a3 Bxc3+ 6. bxc3 c5 7. cxd5 Nxd5 8. dxc5 Qa5 9. e4 Nf6 10. Be3 O-O 11. Qb3 Nfd7 12. Qb4 ({RR} 12. Nh3 Qc7 13. Qb4 Nc6 14. Qa4 Na5 15. Qb4 Nc6 16. Qa4 Na5 17. Qb4 {½-½ (17) Timofeev,A (2681)-Bu,X (2702) Sochi 2009}) 12... Qc7 13. Rd1 ({RR} 13. Kf2 Nc6 14. Qa4 f5 15. exf5 exf5 16. Nh3 Nde5 17. Nf4 g5 18. Nd5 Qf7 19. Nb4 Bd7 20. Nxc6 Bxc6 21. Qd4 Qg7 22. Bxg5 Qxg5 23. Qxe5 Rae8 24. Bc4+ Rf7 25. Qg3 h6 26. Rhe1 Rd8 27. Rad1 Rxd1 {Esmeraldas Huachi,A (2148)-Diaz Perez,M (2464) chess.com INT 2024 1-0 (32)}) 13... Nc6 14. Qa4 Nce5 $146 ({RR} 14... Na5 15. Bb5 Nxc5 16. Bxc5 Qxc5 17. Qxa5 a6 18. Qb4 Qxb5 19. Ne2 Bd7 20. Nd4 Qxb4 21. cxb4 Ba4 22. Rd2 Rac8 23. Ne2 Rc4 24. Kf2 Rfc8 25. Rb1 Kf8 26. Rbb2 Ke7 27. h4 g6 28. Rd3 h5 29. g3 {Moskalenko,V (2591)-Iturrizaga Bonelli,E (2603) Sabadell 2011 0-1 (61)}) 15. Qd4 Nc6 16. Qa4 Nce5 17. Qd4 Nc6 1/2-1/2